000 00312nam a22001337a 4500
008 171031b xxu||||| |||| 00| 0 eng d
020 _a9780395898208
041 _aeng
080 _23 ED
_a33
100 _a58
101 _aBUS
245 _aINSTRUCTORS RESOURCE MANUAL BUSINESS
_cOBER.S
942 _2udc
_cBK
999 _c36808
_d36808